Library Banner

Modern garden design (Record no. 88457)

MARC details
000 -LEADER
fixed length control field 00391nam a22001697a 4500
005 - DATE AND TIME OF LATEST TRANSACTION
control field 20161031155735.0
008 - FIXED-LENGTH DATA ELEMENTS--GENERAL INFORMATION
fixed length control field 161031b xxu||||| |||| 00| 0 eng d
020 ## - INTERNATIONAL STANDARD BOOK NUMBER
International Standard Book Number 9783864073076
040 ## - CATALOGING SOURCE
Transcribing agency PK-LaUMT
082 ## - DEWEY DECIMAL CLASSIFICATION NUMBER
Classification number 712
Item number MOD-
110 ## - MAIN ENTRY--CORPORATE NAME
Corporate name or jurisdiction name as entry element LOFT publication
245 ## - TITLE STATEMENT
Title Modern garden design
260 ## - PUBLICATION, DISTRIBUTION, ETC. (IMPRINT)
Place of publication, distribution, etc Barcelona
Name of publisher, distributor, etc Konemann
Date of publication, distribution, etc 2014
300 ## - PHYSICAL DESCRIPTION
Extent 503 p.
546 ## - LANGUAGE NOTE
Language note EN
942 ## - ADDED ENTRY ELEMENTS (KOHA)
Koha item type Books
Holdings
Withdrawn status Lost status Damaged status Home library Current library Date acquired Full call number Barcode Date last seen Price effective from Koha item type
      UMT Main Campus UMT Main Campus 2016-10-31 712 MOD- 102409 2022-10-14 2016-10-31 Books